000 00453nam a2200181Ia 4500
001 13685
005 20260306164819.0
008 260306t1998||||xx |||||||||||||| ||spa||
041 _aESP
082 _aS 005.12
_bP42
100 _aPeña Marí, Ricardo
_eAUT
245 0 _aDiseño de programas:
_bformalismo y abstracción
260 _c1998
300 _axx, 326 páginas :
_c24 cm.
650 _aGEN
654 _aCCC
942 _cLIB
_dJUS
_fJUS
_2ddc
_n
999 _c13685
_d13685